| 000 | 00619cam a2200205 4500 | ||
|---|---|---|---|
| 020 | _a0471169005 | ||
| 082 | 0 |
_a691.99 _bCOO |
|
| 100 | 1 |
_aCook, John Philip. _945402 |
|
| 245 | 1 | 0 | _aConstruction sealants and adhesives. |
| 260 |
_aNew York, _bWiley-Interscience _c[1970] |
||
| 300 |
_axv, 269 p. _billus. _c23 cm. |
||
| 490 | 1 | _aWiley series of practical construction guides | |
| 526 |
_a0 _b0 _c0 _d691_990000000000000_COO |
||
| 650 | 0 |
_aAdhesives. _945403 |
|
| 650 | 0 |
_aCaulking. _945404 |
|
| 650 | 0 |
_aDampness in buildings. _940448 |
|
| 650 | 0 |
_aMCE _9379 |
|
| 650 | 0 |
_aSealing compounds. _922068 |
|
| 942 |
_2ddc _cBK |
||
| 999 |
_c548936 _d548936 |
||